| 000 | 00771nam a2200181 a 4500 | ||
|---|---|---|---|
| 001 | 000041627 | ||
| 005 | 20201002035656.0 | ||
| 008 | 130502s2001 sp 000 0 spa d | ||
| 040 |
_aDO-SdBNP _bspa _cBNPHU |
||
| 100 | 1 |
_aFormentín Ibáñez, Justo _968409 |
|
| 245 | 1 | 3 |
_aLa fundación nacional para investigaciones cientificas (1931-1939) : _bactas del Consejo de administración y estudio preliminar / _cJusto Formentín Ibáñez, Esther Rodríguez Fraile. |
| 260 |
_aBarcelona : _bConsejo Superior de Investigaciones Científicas, _c2001. |
||
| 300 |
_a196 p. ; _c22 cm. |
||
| 490 | 1 |
_aMonografías _v22 |
|
| 500 | _aIncluye referencias bibliográficas y notas al pie de las páginas | ||
| 700 | 1 |
_aRodríguez Fraile, Esther _968410 |
|
| 830 | 0 |
_aMonografías _v22 _915334 |
|
| 999 |
_c41117 _d41117 |
||